Fallout New Vegas Opening Intro - Statistics

General Stats
  • This quiz has been taken 44 times
  • The average score is 29 of 54
Answer Stats
Answer % Correct
from
97%
from
97%
I
97%
the
97%
the
97%
the
97%
game
90%
rigged
90%
start
90%
a
86%
is
86%
truth
86%
was
86%
bad
76%
you
76%
luck
72%
in
62%
in
62%
of
62%
khans
55%
this
52%
where
52%
your
52%
kid
48%
like
48%
dig?
45%
run
45%
it
41%
but
38%
delivery
38%
fink
38%
Maybe
38%
must
38%
seem
38%
sorry
38%
youre
38%
aint
34%
kill
34%
last
34%
looking
34%
made
34%
up
34%
18
31%
an
31%
carat
31%
face
31%
people
31%
youve
31%
got
28%
kneeling
28%
them
28%
scene
21%
twisted
21%
wirhout
0%
No matching quizzes found
Score Distribution
Percent of People with Each Score
Percentile by Number Answered
Your Score History
You have not taken this quiz